Mental träning som stöd & hjälp vid cancer (Post nr. 58366)
[ visa ren ]
| 000 -LEADER | |
|---|---|
| fixed length control field | 01144cim a22002897i 4500 |
| 001 - CONTROL NUMBER | |
| control field | 12064682 |
| 003 - CONTROL NUMBER IDENTIFIER | |
| control field | LIBRIS |
| 005 - DATE AND TIME OF LATEST TRANSACTION | |
| control field | 20210817132203.0 |
| 008 - FIXED-LENGTH DATA ELEMENTS--GENERAL INFORMATION | |
| fixed length control field | 101222s2005 sw | |||||||||| | swe|d |
| 020 ## - INTERNATIONAL STANDARD BOOK NUMBER | |
| International Standard Book Number | 9789185810956 |
| 035 ## - SYSTEM CONTROL NUMBER | |
| System control number | (Bo)376311 |
| 040 ## - CATALOGING SOURCE | |
| Original cataloging agency | Lass |
| Description conventions | i |
| 041 ## - LANGUAGE CODE | |
| Language code of text/sound track or separate title | swe |
| 082 04 - DEWEY DECIMAL CLASSIFICATION NUMBER | |
| Classification number | 616.994 |
| Edition number | 22 (machine generated) |
| 084 ## - OTHER CLASSIFICATION NUMBER | |
| Classification number | Vep |
| Number source | kssb/8 |
| 100 1# - MAIN ENTRY--PERSONAL NAME | |
| Personal name | Uneståhl, Lars-Eric, |
| Dates associated with a name | 1938- |
| Authority record control number or standard number | https://libris.kb.se/64jln80q19w1lcd#it |
| 245 10 - TITLE STATEMENT | |
| Title | Mental träning som stöd & hjälp vid cancer |
| Medium | [Ljudupptagning] / |
| Statement of responsibility, etc. | utarbetat & intalat av Lars-Eric Uneståhl. |
| 264 #1 - PRODUCTION, PUBLICATION, DISTRIBUTION, MANUFACTURE, AND COPYRIGHT NOTICE | |
| Place of production, publication, distribution, manufacture | Örebro : |
| Name of producer, publisher, distributor, manufacturer | Veje, |
| Date of production, publication, distribution, manufacture, or copyright notice | 2005 |
| 300 ## - PHYSICAL DESCRIPTION | |
| Extent | 1 CD (1 tim., 8 min.) |
| 887 ## - NON-MARC INFORMATION FIELD | |
| Content of non-MARC field | {"@id":"q823lw820qkmxbr","modified":"2016-02-12T12:13:19+01:00","checksum":"33369668011"} |
| Source of data | librisxl |
| 887 ## - NON-MARC INFORMATION FIELD | |
| Content of non-MARC field | {"@id":"x28wbj132bb9kqt","modified":"2014-04-01T11:21:19+02:00","checksum":"39459356698"} |
| Source of data | librisxl |
| 900 1s - EQUIVALENCE OR CROSS-REFERENCE-PERSONAL NAME [LOCAL, CANADA] | |
| Linkage | 100 |
| Dates associated with a name | 1938- |
| Affiliation | Uneståhl, Lars-Eric, |
| Dates associated with a name | 1938- |
| 900 1s - EQUIVALENCE OR CROSS-REFERENCE-PERSONAL NAME [LOCAL, CANADA] | |
| Linkage | 100 |
| Dates associated with a name | 1938- |
| Affiliation | Uneståhl, Lars-Eric, |
| Dates associated with a name | 1938- |
| 942 ## - ADDED ENTRY ELEMENTS (KOHA) | |
| Source of classification or shelving scheme | Other/Generic Classification Scheme |
| Koha item type | Ljudbok |
| Withdrawn status | Lost status | Source of classification or shelving scheme | Damaged status | Not for loan | Home library | Current library | Date acquired | Total Checkouts | Full call number | Barcode | Date last seen | Price effective from | Koha item type |
|---|---|---|---|---|---|---|---|---|---|---|---|---|---|
| Other/Generic Classification Scheme | Karlskoga Lasarettsbibliotek | Karlskoga Lasarettsbibliotek | 17/08/2021 | Vep/LC | 80041461726E3 | 17/08/2021 | 17/08/2021 | Ljudbok |